El "Tractatvs de anima" atribuido a Domenicvs Gvndi(s)salinvs (Record no. 422904)

000 -CABECERA
Campo de control de longitud fija 01305nam a2200325 4500
001 - NÚMERO DE CONTROL
Campo de control 101179
003 - IDENTIFICADOR DEL NÚMERO DE CONTROL
Campo de control ES-SlBC
005 - FECHA Y HORA DE LA ÚLTIMA TRANSACCIÓN
Campo de control 20221222145115.0
008 - CÓDIGOS DE INFORMACIÓN DE LONGITUD FIJA
Campo de control de longitud fija 130618s sp 001 spa
017 ## - NÚMERO DE COPYRIGHT O DE DEPÓSITO LEGAL
Número de copyright o de depósito legal NA 696-2009
Agencia que asigna el número Oficina Depósito Legal Navarra
020 ## - NÚMERO INTERANCIONAL NORMALIZADO PARA LIBROS (ISBN)
Número Internacional Normalizado para Libros (ISBN) 9788431326203
040 ## - FUENTE DE LA CATALOGACIÓN
Centro catalogador del origen SpMaBN
Lengua de catalogación spa
Centro transcriptor SpMaBN
Normas de descripción rdc
Centro modificador ES-SlBC
041 1# - CÓDIGO DE LENGUA
Código de lengua del texto/banda sonora o título independiente spa
-- lat
Código de lengua original lat
080 ## - NÚMERO DE LA CLASIFICACIÓN DECIMAL UNIVERSAL
Número de la Clasificación Decimal Universal 1 Domingo Gundisalvo
080 ## - NÚMERO DE LA CLASIFICACIÓN DECIMAL UNIVERSAL
Número de la Clasificación Decimal Universal 128
100 1# - PUNTO DE ACCESO PRINCIPAL-NOMBRE DE PERSONA
Nombre de persona Alonso del Real Montes, Concepción
9 (RLIN) 85887
245 14 - MENCIÓN DE TÍTULO
Título El "Tractatvs de anima" atribuido a Domenicvs Gvndi(s)salinvs
Mención de responsabilidad, etc. estudio, edición crítica y traducción castellana, Concepción Alonso del Real, Mª Jesús Soto Bruna
246 #3 - VARIANTE DE TÍTULO
Título propio / Titulo en breve El "Tractatus de anima" atribuido a Domenicus Gundi(s)salinus
250 ## - MENCIÓN DE EDICIÓN
Mención de edición 1ª ed.
260 ## - PUBLICACIÓN, DISTRIBUCIÓN, ETC... (PIE DE IMPRENTA)
Lugar de publicación, distribución, etc. Barañáin, Navarra :
Nombre del editor, distribuidor, etc. EUNSA
Fecha de publicación, distribución, etc. , 2009
300 ## - DESCRIPCIÓN FÍSICA
Extensión 378 p. :
Otras características físicas il. ;
Dimensiones 24 cm
490 0# - MENCIÓN DE SERIE
Mención de serie Colección de pensamiento medieval y renacentista
Designación de volumen o secuencia 107
504 ## - NOTA DE BIBLIOGRAFÍA, ETC.
Nota de bibliografía, etc. Bibliografía: p. [51]-59. Índice
546 ## - NOTA DE LENGUA
Nota de lengua Texto original y traducción al español
600 07 - PUNTO DE ACCESO ADICIONAL DE MATERIA-NOMBRE DE PERSONA
Nombre personal Domingo Gundisalvo
Fechas asociadas con el nombre fl. 1150
Título de la obra Tractatus de anima
9 (RLIN) 86251
650 #7 - PUNTO DE ACCESO ADICIONAL DE MATERIA-TÉRMINO DE MATERIA
Término de materia o nombre geográfico como elemento inicial Alma
Subdivisión de forma Obras anteriores a 1800
9 (RLIN) 85900
700 1# - PUNTO DE ACCESO ADICIONAL-NOMBRE DE PERSONA
Nombre de persona Soto Bruna, María Jesús
9 (RLIN) 9574
700 0# - PUNTO DE ACCESO ADICIONAL-NOMBRE DE PERSONA
Nombre de persona Domingo Gundisalvo
Fechas asociadas al nombre fl. 1150
Título de la obra Tractatus de anima
Lengua de la obra Español-Latín
9 (RLIN) 86252
942 ## - ENTRADA DE ELEMENTOS AGREGADOS (KOHA)
Fuente de clasificaión o esquema
Koha [por defecto] tipo de item Libros
Holdings
Suprimido Perdido Fuente de clasificación o esquema Estropeado No para préstamo Localización permanente Localización actual Localización en estantería Fecha adquisición Préstamos totales Signatura completa Número de Registro / Código de Barras Fecha última consulta Fecha del precio de reemplazo Tipo de item de Koha
          San Esteban San Esteban Depósito de libros 18/06/2013   111 ALO tra 101179 18/06/2013 18/06/2013 Libros

Bibliotecas Dominicos Provincia Hispania, 2016

Con tecnología Koha